[Event "Oberfranken-ch"]
[Site "Schney"]
[Date "2011.01.04"]
[Round "3"]
[White "Buecker, Florian"]
[Black "Schlosser, Malte"]
[Result "1-0"]
[WhiteElo "1822"]
[BlackElo "1147"]
[PlyCount "41"]
[EventDate "2011.01.03"]
[EventType "swiss"]
[EventRounds "7"]
[EventCountry "GER"]
[SourceTitle "EXT 2022"]
[Source "ChessBase"]
[SourceDate "2021.10.06"]
[SourceVersion "1"]
[SourceVersionDate "2021.10.06"]
[SourceQuality "1"]

1. Nf3 Nc6 2. d4 d5 3. c4 Be6 4. Nc3 Nf6 5. cxd5 Nxd5 6. e4 Nxc3 7. bxc3 Bg4 8. Bb5 Bd7 9. Ba3 e6 10. Bxf8 Rxf8 11. 0-0 Ne7 12. Qb3 b6 13. Rfe1 c6 14. Bf1 Ng6 15. e5 f6 16. exf6 Qxf6 17. Qb2 Nf4 18. Ne5 0-0-0 19. Qa3 a5 20. Qd6 Be8 21. Ba6# 1-0

[Event "Oberfranken-ch U14 0809"]
[Site "Schney"]
[Date "2009.01.03"]
[Round "3"]
[White "Schlosser, Malte"]
[Black "Schubert, Tony"]
[Result "1/2-1/2"]
[WhiteElo "822"]
[BlackElo "784"]
[PlyCount "36"]
[EventDate "2009.01.02"]
[EventType "swiss"]
[EventRounds "7"]
[EventCountry "GER"]
[SourceTitle "EXT 2012"]
[Source "ChessBase"]
[SourceDate "2011.11.24"]
[SourceVersion "1"]
[SourceVersionDate "2011.11.24"]
[SourceQuality "1"]

1. e4 e5 2. Nf3 Nc6 3. Bd3 Nf6 4. 0-0 Bb4 5. b3 0-0 6. Bb2 d6 7. Nc3 Bxc3 8. Bxc3 Bg4 9. h3 Bxf3 10. Qxf3 h6 11. Bb5 Qd7 12. d3 d5 13. Bxc6 Qxc6 14. Bxe5 dxe4 15. dxe4 Nxe4 16. Qg4 f6 17. Rae1 Nd2 18. Bf4 f5 1/2-1/2